Statistics for Lana Del Rey - Black Bathing Suit Lyrics

Click here to take the quiz!

General Stats

  • This quiz has been taken 18 times
  • The average score is 381 of 432

Answer Stats

Answer% Correct
a
100%
an
100%
and
100%
And
100%
any
100%
bathing
100%
better
100%
black
100%
'cause
100%
'Cause
100%
do
100%
don't
100%
He
100%
I
100%
in
100%
is
100%
Is
100%
know
100%
like
100%
lot
100%
me)
100%
me
100%
my
100%
My
100%
of
100%
on
100%
one
100%
real
100%
(So
100%
So
100%
so
100%
still
100%
suit
100%
that?
100%
that
100%
that)
100%
the
100%
The
100%
thing
100%
this
100%
to
100%
too
100%
what
100%
when
100%
you
100%
You
100%
about
92%
at
92%
bad
92%
blues
92%
body
92%
boyfriend
92%
does
92%
end
92%
for
92%
girls
92%
heart
92%
how
92%
I'm
92%
it)
92%
it
92%
It's
92%
it's
92%
made
92%
no
92%
not
92%
only
92%
quarantine
92%
really
92%
said
92%
see
92%
show
92%
talk
92%
temple
92%
than
92%
them
92%
them)
92%
they
92%
They
92%
want
92%
way
92%
with
92%
your
92%
Your
92%
but
83%
By
83%
cute
83%
eat
83%
ever
83%
fits
83%
get
83%
if
83%
L.A.
83%
laugh
83%
let
83%
mean
83%
never
83%
nothing
83%
shoes
83%
Someone
83%
television
83%
thanks
83%
was
83%
watch
83%
angel
75%
baby
75%
can
75%
complicated
75%
cream
75%
have
75%
ice
75%
last
75%
Lookin'
75%
lookin'
75%
love
75%
over
75%
parking
75%
shit
75%
stacks
75%
time
75%
tired
75%
(We'll
75%
being
67%
broke
67%
dad
67%
dreams
67%
friends
67%
fucking
67%
Grenadine
67%
head
67%
honest
67%
interest
67%
just
67%
lover
67%
meant
67%
mother
67%
news
67%
price
67%
(They're
67%
They're
67%
we're
67%
yesterday's
67%
you'll
67%
could
58%
from
58%
guess
58%
handle
58%
heart's
58%
I'll
58%
life's
58%
mall
58%
promise
58%
run
58%
sing
58%
through
58%
why
58%
wish
58%
Zoom
58%
"Hey"
50%
home
50%
laughin'
50%
Mail
50%
sorta
50%
soul
50%
Sweet
50%
there's
50%
walk
50%
magazines
42%
Swisher
42%
Untraditional
42%
afterthoughts
33%
karmic
33%
lineage
33%
Or
33%
out
33%
Target
33%
'em
25%
(Oh
25%

Score Distribution

Percentile by Number Answered

Percent of People with Each Score

Your Score History

You have not taken this quiz